DIPLOMA IN PHARMACY PHARMACEUTICAL CHEMISTRY - I : theory and practical (Record no. 6004)

MARC details
000 -LEADER
fixed length control field 00454nam a22001577a 4500
005 - DATE AND TIME OF LATEST TRANSACTION
control field 20230119121415.0
008 - FIXED-LENGTH DATA ELEMENTS--GENERAL INFORMATION
fixed length control field 190917b xxu||||| |||| 00| 0 eng d
020 ## - INTERNATIONAL STANDARD BOOK NUMBER
ISBN 978-93-85915-80-2
041 ## - LANGUAGE CODE
Language code of text/sound track or separate title eng
100 ## - MAIN ENTRY--AUTHOR NAME
Personal name RAJASEKARAN, V.N.
245 ## - TITLE STATEMENT
Title DIPLOMA IN PHARMACY PHARMACEUTICAL CHEMISTRY - I : theory and practical
260 ## - PUBLICATION, DISTRIBUTION, ETC. (IMPRINT)
Place of publication NEW DELHI
Name of publisher C.B.S PUBLICATION PVT.LTD
300 ## - PHYSICAL DESCRIPTION
Number of Pages 266p,
650 ## - SUBJECT ADDED ENTRY--TOPICAL TERM
Topical Term PHARMACY
General subdivision D.PHARMA
942 ## - ADDED ENTRY ELEMENTS (KOHA)
Koha item type Books
Holdings
Lost status Damaged status Collection code Home library Current library Shelving location Date acquired Source of acquisition Cost, normal purchase price Full call number Accession Number Koha item type
    PHARMACY JRU Library JRU Library SHELF-18-D 17/09/2019 PURCHESS 275.00 615.19 23551 Books
    PHARMACY JRU Library JRU Library SHELF-18-D 17/09/2019 PURCHESS 275.00 615.19 23552 Books
    Reference JRU Library JRU Library SHELF-18-D 17/09/2019 PURCHESS 275.00 615.19 23553 Books
    PHARMACY JRU Library JRU Library SHELF-18-D 17/09/2019 PURCHESS 275.00 615.19 23554 Books